Sports Quiz

Random Sports or Baseball Quiz
Score 0/30 Timer 10:00
0 Plays Today
% Correct
???
99.4%
???
97.3%
???
96.1%
???
62.8%
???
54.5%
???
52.1%
???
32.8%
???
32.2%
???
31.3%
???
26.1%
???
25.8%
???
20.4%
???
19.9%
???
18.9%
???
18.9%
% Correct
???
18.7%
???
18.2%
???
13.5%
???
13.5%
???
13.3%
???
12.6%
???
8.6%
???
8.4%
???
7.5%
???
7%
???
6.9%
???
6.9%
???
6.8%
???
6.8%
???
6.7%

You're not logged in!

Compare scores with friends on all Sporcle quizzes.
OR
Log In

Sporcle TV

Today on Sporcle TV


Watch our educational content, quiz creation guides, and fun videos on Sporcle TV.

Show Comments

Extras

Created Jan 8, 2013ReportNominate
Tags:Baseball Quiz, Chain Game

Top Quizzes Today


Score Distribution

Paid Content

Your Account Isn't Verified!

In order to create a playlist on Sporcle, you need to verify the email address you used during registration. Go to your Sporcle Settings to finish the process.

Report this User

Report this user for behavior that violates our Community Guidelines.

Details: